| 000 | 00497nam a2200169Ia 4500 | ||
|---|---|---|---|
| 003 | OSt | ||
| 005 | 20240401122314.0 | ||
| 008 | 231010b ||||| |||| 00| 0 eng d | ||
| 040 | _cAL | ||
| 041 | _aKannada | ||
| 082 | _2859/1484 | ||
| 100 |
_aRAJARATNAM (G P) _9137156 _dರಾಜರತ್ನಂ ಜಿ ಪಿ. |
||
| 245 |
_aNakkala tayi _bನಕ್ಕಳಾ ತಾಯಿ |
||
| 260 |
_aBengaluru _bSatyashodhana Prakatana Mandira _c1947 |
||
| 690 |
_aKannada Fiction _9137157 |
||
| 942 |
_2ddc _cBK |
||
| 999 |
_c146349 _d146349 |
||